Proces získavania a výberu zamestnancov na pracovné miesta vo vybranom podniku diplomová práca

Na minha lista:
Detalhes bibliográficos
Autor principal: Mikulášová, Ema, 2000-
Autor Corporativo: Fakulta podnikového manažmentu EU. Katedra manažmentu
Outros Autores: Matkovčíková, Natália, 1982-
Formato: Livro
Idioma:eslovaco
Publicado em: Bratislava 2024
Tags: Adicionar Tag
Sem tags, seja o primeiro a adicionar uma tag!

MARC

LEADER 00000nbm a2200000 4500
001 0301046
005 20250926094158.8
041 0 |a slo 
044 |a SK 
245 1 0 |a Proces získavania a výberu zamestnancov na pracovné miesta vo vybranom podniku  |b diplomová práca  |c Ema Mikulášová ; školiteľ: Natália Matkovčíková 
264 1 |a Bratislava  |c 2024 
300 |a 87 s. 
100 1 |a Mikulášová, Ema, 2000- 
700 1 |a Matkovčíková, Natália, 1982- 
710 2 |a Fakulta podnikového manažmentu EU. Katedra manažmentu